| 000 | 00905 a2200229 4500 | ||
|---|---|---|---|
| 003 | dpl | ||
| 005 | 2008082504114.0 | ||
| 008 | 080825t xxu||||| |||| 00| 0 eng d | ||
| 010 | _aENG-87130 | ||
| 020 | _c360.00 | ||
| 035 | _aEN--70663 | ||
| 037 | _bDBAD / PUB | ||
| 040 |
_aDPL _cDPL |
||
| 082 | _a615.836 | ||
| 100 | _aJain, Urjita | ||
| 245 |
_aAromatherapy oil _cby Urjita Jain _bfor health and beauty |
||
| 260 |
_aMumbai _bSamed Agro Services _c2006 |
||
| 300 |
_a172 p. _c23 cm (Hb.) |
||
| 942 |
_adpl _cEN _k615.836 / JAI _2ddc _h615.836 _mJAI |
||
| 999 |
_c6074 _d6074 |
||